| 000 | 01137nam a2200301Ia 4500 | ||
|---|---|---|---|
| 001 | 3640 | ||
| 003 | IT-RoPAU | ||
| 008 | 130308s9999 xx 000 0 und d | ||
| 040 | _aIT-RoPAU | ||
| 040 | _cIT-RoPAU | ||
| 041 | _aITALIANO | ||
| 100 | _aAA.VV. | ||
| 100 | _gCodice Aut. SPICS: 12000 | ||
| 245 | _aCostituzioni e direttorio della Pia Società delle Figlie di San Paolo | ||
| 245 | _bCostituzioni e Direttorio della Pia Societa' delle Figlie di San Paolo | ||
| 250 | _a1a ed. | ||
| 260 | _aALBA | ||
| 260 | _bEdizioni Paoline Fsp | ||
| 260 | _c1972 [1° Ed.:1972 - Ed.Ling.Originale:1972] | ||
| 300 | _a"224 p. (prefazione: no ; testo: 224)" | ||
| 500 | _aVocazione Paolina nella Chiesa Spirito Paolino missione Paolina delle Figlie di San Paolo comunione di Vita Consacrazione Religiosa Vita di Preghieraformazione Governo della Congregazione Amministrazione dei beni Temporali Prima circolare del fondatore Testamento Spirituale della Prima maestra Tecla | ||
| 650 | _aAUTORI/OPERE FAMIGLIA PAOLINA | ||
| 650 | _eCodice materia Spics: 9903 | ||
| 942 | _cBK | ||
| 957 | _71 | ||
| 999 |
_c76279 _d76279 |
||
| 999 | _bSI | ||
| 999 | _g1 | ||